| 000 | 00584nam a2200181 i 4500 | ||
|---|---|---|---|
| 001 | 131664 | ||
| 003 | ES-MaACL | ||
| 005 | 20251012063051.0 | ||
| 007 | t| | ||
| 008 | 070214s1943 sp r ||||1| spa d | ||
| 100 | 1 |
_aRodríguez-Jurado, Adolfo, _d1899-1982 _9159284 |
|
| 245 | 1 | 0 |
_aComentarios a la legislación de arrendamiento de fincas rústicas / _cAdolfo Rodríguez Jurado. |
| 250 | _a2ª ed. corr. y aum. | ||
| 260 |
_aMadrid : _bInstituto Editorial Reus, _c1943. |
||
| 300 |
_a534 p. ; _c23 cm. |
||
| 852 |
_aES-MaACL _jB-10453 _bR.22085 |
||
| 999 |
_c131664 _d131664 |
||